[Event "3MCR_4D_2LB_1S"]
[Site "?"]
[Date "1999.??.??"]
[Round "1"]
[White "Zitek, Svatoslav"]
[Black "Hlavacek, Rudolf"]
[Result "1/2-1/2"]
[WhiteElo "1800"]
[BlackElo "2250"]
[PlyCount "104"]
[EventDate "1999.??.??"]
[EventType "corr"]

1. e4 e6 2. d4 d5 3. e5 c5 4. c3 Nc6 5. Nf3 Bd7 6. Bd3 cxd4 7. cxd4 Qb6 8. O-O
Nxd4 9. Nxd4 Qxd4 10. Nc3 a6 11. Qe2 Ne7 12. Kh1 Nc6 13. f4 Nb4 14. Rd1 Nxd3
15. Rxd3 Qc4 16. b3 Qc7 17. Bb2 b5 18. Rc1 Qb7 19. Qd2 b4 20. Ne2 Bb5 21. Rg3
Bxe2 22. Qxe2 g6 23. Rd3 h5 24. Rd2 Be7 25. Rdc2 Kd7 26. Qd3 Rhc8 27. Rc4 Ke8
28. Rxc8+ Rxc8 29. Rxc8+ Qxc8 30. g3 Qc6 31. Bd4 Kd7 32. Kg2 Kc7 33. Bf2 a5 34.
Qd4 Qa6 35. Kf3 Kd7 36. h3 Qc6 37. Qa7+ Qc7 38. Qa6 Bd8 39. Bd4 Qc6 40. Qd3 Bb6
41. Bxb6 Qxb6 42. g4 hxg4+ 43. hxg4 Qc6 44. Ke2 Kc7 45. Kd2 Kb6 46. Qd4+ Qc5
47. Kd3 Qxd4+ 48. Kxd4 Kc6 49. g5 Kb5 50. Kd3 Kc5 51. Ke3 d4+ 52. Ke2 Kd5
1/2-1/2

[Event "3MCR_4D_2LB_1S"]
[Site "?"]
[Date "1999.??.??"]
[Round "1"]
[White "Pech, Jaroslav ml"]
[Black "Zitek, Svatoslav"]
[Result "1-0"]
[WhiteElo "1835"]
[BlackElo "1800"]
[PlyCount "85"]
[EventDate "1999.??.??"]
[EventType "corr"]

1. e4 e5 2. Nf3 Nc6 3. Bb5 f5 4. Nc3 fxe4 5. Nxe4 d5 6. Nxe5 dxe4 7. Nxc6 Qg5
8. Qe2 Nf6 9. f4 Qh4+ 10. g3 Qh3 11. Ne5+ c6 12. Bc4 Bc5 13. d3 Be6 14. dxe4
O-O-O 15. Bd2 Bxc4 16. Nxc4 Rd4 17. O-O-O Rxe4 18. Qd3 Qe6 19. b3 Rd8 20. Qf3
Re2 21. Ba5 Rxd1+ 22. Rxd1 b6 23. f5 Qe8 24. Bc3 Rxh2 25. g4 h5 26. gxh5 Rxh5
27. Be5 Rh7 28. Bd6 Qe4 29. Qg3 Rh1 30. Bxc5 Rxd1+ 31. Kxd1 Qd5+ 32. Kc1 Qxc5
33. Nd6+ Kd7 34. Qxg7+ Kxd6 35. Qxf6+ Kc7 36. Qf7+ Kd8 37. Qf6+ Kc7 38. a4 b5
39. Qg7+ Kd8 40. f6 Qe3+ 41. Kb1 Qe1+ 42. Ka2 Qf2 43. Qe7+ 1-0

[Event "3MCR_4D_2LB_1S"]
[Site "?"]
[Date "1999.??.??"]
[Round "1"]
[White "Klempar, Miloslav"]
[Black "Svoboda, František"]
[Result "0-1"]
[WhiteElo "2290"]
[BlackElo "2445"]
[PlyCount "98"]
[EventDate "1999.??.??"]
[EventType "corr"]

1. d4 e6 2. c4 d5 3. Nc3 c6 4. Nf3 dxc4 5. a4 Bb4 6. e3 b5 7. Bd2 a5 8. Qc2 Nf6
9. axb5 Bxc3 10. Bxc3 cxb5 11. b3 Bb7 12. bxc4 b4 13. Bd2 O-O 14. Bd3 Nbd7 15.
O-O Qc7 16. Rfb1 e5 17. Ng5 h6 18. Nh7 Rfe8 19. Nxf6+ Nxf6 20. f3 e4 21. Be2
exf3 22. gxf3 Nh5 23. Rb3 Re6 24. Bd3 Raa6 25. f4 Rg6+ 26. Kf1 Rg2 27. d5 Bxd5
28. cxd5 Qxc2 29. Bxc2 Rxd2 30. Be4 Nf6 31. Bf3 Kf8 32. Rxb4 Nxd5 33. Bxd5 Rxd5
34. Rba4 f5 35. Ke2 Ke7 36. h4 g6 37. Rc1 Kd7 38. Kf3 h5 39. Rc3 Rb5 40. Rd4+
Ke6 41. Rc7 Rd5 42. Rg7 Kf6 43. Rxd5 Kxg7 44. Rd3 Kf6 45. Ra3 a4 46. e4 fxe4+
47. Kxe4 Ra7 48. Kd5 Kf5 49. Kc6 Kg4 0-1

[Event "3MCR_4D_2LB_1S"]
[Site "?"]
[Date "1999.??.??"]
[Round "1"]
[White "Biolek, Richard"]
[Black "Klempar, Miloslav"]
[Result "1/2-1/2"]
[WhiteElo "2130"]
[BlackElo "2290"]
[PlyCount "94"]
[EventDate "1999.??.??"]
[EventType "corr"]

1. e4 c5 2. Nf3 d6 3. Bb5+ Bd7 4. Bxd7+ Qxd7 5. O-O Nf6 6. Re1 Nc6 7. c3 e6 8.
d3 Be7 9. Nbd2 O-O 10. Nf1 Rfc8 11. h3 Ne5 12. Bf4 Ng6 13. Bh2 b5 14. Qc2 Qb7
15. N3d2 d5 16. e5 Nd7 17. f4 Nh4 18. Bg3 a5 19. Bxh4 Bxh4 20. g3 Be7 21. c4 a4
22. Ne3 bxc4 23. dxc4 d4 24. Ng4 a3 25. b3 Nb8 26. Nf2 Na6 27. Nd3 Rd8 28. Rad1
Rac8 29. Ne4 Nb4 30. Nxb4 Qxb4 31. Re2 Qb8 32. Rd3 Qc7 33. Qd1 Qa5 34. Qf1 Rc6
35. Qf3 Qc7 36. g4 Kh8 37. g5 Qd7 38. Rg2 Rf8 39. Qh5 Rcc8 40. Rg4 Qb7 41. f5
exf5 42. Rh4 h6 43. Nf6 Qb4 44. Qe2 Rc6 45. Kf1 Qb7 46. Rg3 Rb8 47. Qf3 Qc8
1/2-1/2

[Event "3MCR_4D_2LB_1S"]
[Site "?"]
[Date "1999.??.??"]
[Round "1"]
[White "Michalek, Frantisek"]
[Black "Biolek, Richard"]
[Result "1-0"]
[WhiteElo "2185"]
[BlackElo "2130"]
[PlyCount "75"]
[EventDate "1999.??.??"]
[EventType "corr"]

1. e4 e5 2. Nf3 Nc6 3. Bb5 a6 4. Ba4 Nf6 5. d3 d6 6. c4 Be7 7. Nc3 O-O 8. h3
Nd7 9. Nd5 Nc5 10. Bc2 Ne6 11. Be3 Ncd4 12. Nxd4 exd4 13. Bd2 c6 14. Nxe7+ Qxe7
15. O-O Nc5 16. b4 Nd7 17. a4 c5 18. b5 a5 19. Qe1 b6 20. f4 f6 21. Qh4 Rf7 22.
Rae1 Nf8 23. Bd1 Ra7 24. g4 Qd8 25. Rf2 Rac7 26. Bf3 Ra7 27. Ref1 Rae7 28. Bg2
Qc7 29. Qg3 Bb7 30. h4 h6 31. f5 Nh7 32. Bf4 Re5 33. Bf3 Qe7 34. Rg2 Bc8 35.
Kh2 Rf8 36. g5 hxg5 37. hxg5 fxg5 38. Bxe5 1-0

[Event "3MCR_4D_2LB_1S"]
[Site "?"]
[Date "1999.??.??"]
[Round "1"]
[White "Biolek, Richard"]
[Black "Kolar, Pavel"]
[Result "0-1"]
[WhiteElo "2130"]
[BlackElo "2180"]
[PlyCount "118"]
[EventDate "1999.??.??"]
[EventType "corr"]

1. e4 e5 2. Bc4 Nf6 3. d3 c6 4. Nf3 d5 5. Bb3 Bd6 6. Nc3 d4 7. Ne2 c5 8. O-O h6
9. Ne1 Qc7 10. h3 g5 11. Ng3 Nc6 12. Nh5 Qe7 13. c3 Rg8 14. Nxf6+ Qxf6 15. Qh5
Qg6 16. Qxg6 Rxg6 17. Nf3 g4 18. hxg4 Bxg4 19. Nh4 Rf6 20. f3 Bd7 21. g4 O-O-O
22. Nf5 Bxf5 23. gxf5 Bc7 24. Rd1 Ba5 25. c4 Rg8+ 26. Kh2 Bd8 27. Ba4 Rd6 28.
Bxc6 Rxc6 29. Rg1 Rh8 30. Bd2 Bg5 31. Bxg5 hxg5+ 32. Kg2 Rch6 33. Rh1 Rxh1 34.
Rxh1 Rxh1 35. Kxh1 b5 36. b3 bxc4 37. bxc4 Kb7 38. Kg2 Ka6 39. Kg3 Ka5 40. Kg4
Kb4 41. Kxg5 Kc3 42. Kf6 Kxd3 43. Kxf7 Kxc4 44. Kg6 d3 45. f6 d2 46. f7 d1=Q
47. f8=Q Qg1+ 48. Kf5 Qd4 49. f4 Kd3 50. Qa8 c4 51. fxe5 c3 52. e6 c2 53. Qc6
Qf2+ 54. Ke5 Qg3+ 55. Kf5 Qh3+ 56. Ke5 Qh8+ 57. Kd6 Qd8+ 58. Qd7 Qb8+ 59. Ke7+
Kc3 0-1

[Event "3MCR_4D_2LB_1S"]
[Site "?"]
[Date "1999.??.??"]
[Round "1"]
[White "Michalek, Frantisek"]
[Black "Sebek, Pavel"]
[Result "1-0"]
[WhiteElo "2185"]
[BlackElo "2065"]
[PlyCount "77"]
[EventDate "1999.??.??"]
[EventType "corr"]

1. e4 c5 2. Nf3 Nc6 3. d4 cxd4 4. Nxd4 e6 5. Nc3 Nf6 6. Be2 a6 7. O-O d6 8. Be3
Be7 9. f4 Bd7 10. Qe1 b5 11. a3 O-O 12. Rd1 Qb8 13. Qg3 Nxd4 14. Bxd4 Bc6 15.
Bd3 Rd8 16. Kh1 Qb7 17. Rde1 Ne8 18. Qh3 g6 19. f5 e5 20. fxg6 hxg6 21. Be3 Bf8
22. Bg5 Rd7 23. Rf2 Bg7 24. Ref1 Qc8 25. Nd5 Bxd5 26. exd5 Rc7 27. g4 Qb7 28.
Be4 b4 29. a4 Rac8 30. Qd3 Kh7 31. Rxf7 Nf6 32. Rxc7 Rxc7 33. Rxf6 Bxf6 34.
Bxf6 Kg8 35. Bxg6 Rc5 36. Be4 Qf7 37. g5 Qh5 38. Bf3 Qf7 39. Qf5 1-0

[Event "3MCR_4D_2LB_1S"]
[Site "?"]
[Date "1999.??.??"]
[Round "1"]
[White "Janous, Petr"]
[Black "Svoboda, František"]
[Result "1/2-1/2"]
[WhiteElo "2000"]
[BlackElo "2445"]
[PlyCount "75"]
[EventDate "1999.??.??"]
[EventType "corr"]

1. c4 e5 2. Nc3 Nc6 3. Nf3 Nf6 4. g3 Bb4 5. Nd5 Bc5 6. d3 h6 7. Bg2 d6 8. O-O
O-O 9. e3 a6 10. a3 Ba7 11. Nc3 Be6 12. b4 e4 13. Nxe4 Nxe4 14. dxe4 Bxc4 15.
Re1 Qf6 16. Rb1 Ne5 17. Bb2 Qe7 18. Nd4 g6 19. Qd2 c5 20. Ne2 b5 21. Nf4 Rac8
22. Red1 Rfd8 23. Nd5 Bxd5 24. Qxd5 Nc4 25. h4 Rc7 26. h5 Nb6 27. Qd3 Nc4 28.
hxg6 fxg6 29. Ba1 Kh7 30. bxc5 Rxc5 31. Bd4 Ne5 32. Qd2 Rcc8 33. Qa5 Qb7 34. a4
Nc6 35. Qd2 Nxd4 36. exd4 Rc4 37. Rb4 Qf7 38. axb5 1/2-1/2

[Event "3MCR_4D_2LB_1S"]
[Site "?"]
[Date "1999.??.??"]
[Round "1"]
[White "Sebek, Pavel"]
[Black "Pech, Jaroslav ml"]
[Result "0-1"]
[WhiteElo "2065"]
[BlackElo "1835"]
[PlyCount "82"]
[EventDate "1999.??.??"]
[EventType "corr"]

1. e4 e6 2. d4 d5 3. Nc3 Bb4 4. e5 c5 5. a3 Bxc3+ 6. bxc3 Qc7 7. Nf3 Ne7 8. Be2
b6 9. O-O Ba6 10. Bxa6 Nxa6 11. Qe2 c4 12. a4 O-O 13. Ba3 Rfc8 14. h4 Nf5 15.
g4 Ne7 16. h5 h6 17. Qe3 Re8 18. Nh4 Qd8 19. Qg3 Nc6 20. Nf3 Nab8 21. g5 hxg5
22. Nxg5 f6 23. Nh7 Kh8 24. f4 Nd7 25. Kf2 fxe5 26. Rg1 Rg8 27. fxe5 Kxh7 28.
Raf1 Ne7 29. Qg4 Nf5 30. Qg6+ Kh8 31. Rh1 Nf8 32. Bxf8 Rxf8 33. Ke2 Qe8 34. Qg5
Qxa4 35. Kd2 Nh6 36. Rhg1 Qd7 37. Rf6 gxf6 38. Qxh6+ Qh7 39. Qf4 Qxh5 40. Rg3
fxe5 41. Qe3 Rf1 0-1

[Event "3MCR_4D_2LB_1S"]
[Site "?"]
[Date "1999.??.??"]
[Round "1"]
[White "Michalek, Frantisek"]
[Black "Konicek, Petr"]
[Result "1-0"]
[WhiteElo "2185"]
[BlackElo "2035"]
[PlyCount "113"]
[EventDate "1999.??.??"]
[EventType "corr"]

1. e4 e5 2. Nf3 Nc6 3. Bb5 Nd4 4. Nxd4 exd4 5. O-O c6 6. Bc4 d6 7. d3 Nf6 8.
Bg5 Be7 9. Nd2 O-O 10. h3 b5 11. Bb3 a5 12. a4 b4 13. f4 Be6 14. Nf3 Bxb3 15.
cxb3 c5 16. g4 Qd7 17. f5 Rfe8 18. Qd2 Kf8 19. Bxf6 Bxf6 20. g5 Be5 21. Qg2 Bf4
22. Qg4 Be3+ 23. Kg2 Ke7 24. Qh4 Rh8 25. g6+ f6 26. gxh7 Bh6 27. Qg4 Rxh7 28.
Nh4 Qe8 29. Ng6+ Kd7 30. Rae1 Be3 31. Rh1 Rh6 32. h4 Qf7 33. Qd1 Rxg6+ 34. fxg6
Qxg6+ 35. Kh3 Bf2 36. Reg1 Bxg1 37. Rxg1 Qf7 38. Qg4+ Kc6 39. Qxg7 Qxb3 40. Rg3
Qe6+ 41. Qg4 Kd7 42. h5 d5 43. exd5 Qxg4+ 44. Kxg4 Rg8+ 45. Kh4 Rf8 46. h6 Kd6
47. Kh5 Rh8 48. b3 Kxd5 49. Rg7 Ke5 50. Kg6 Kf4 51. Re7 f5 52. h7 Kg4 53. Rc7
f4 54. Rxc5 Ra8 55. Rxa5 Re8 56. Rg5+ Kf3 57. Rh5 1-0

[Event "3MCR_4D_2LB_1S"]
[Site "?"]
[Date "1999.??.??"]
[Round "1"]
[White "Svoboda, František"]
[Black "Omelka, Roman"]
[Result "1-0"]
[WhiteElo "2445"]
[BlackElo "2170"]
[PlyCount "107"]
[EventDate "1999.??.??"]
[EventType "corr"]

1. c4 Nf6 2. Nc3 g6 3. e4 d6 4. d4 Bg7 5. Nf3 O-O 6. h3 e5 7. d5 a5 8. Bg5 Nbd7
9. Nd2 Nc5 10. Be2 h6 11. Be3 c6 12. g4 Bd7 13. h4 a4 14. Bxc5 dxc5 15. Nxa4
Qa5 16. Nc3 Qb4 17. Rb1 Ne8 18. Qc2 Nd6 19. a3 Qb6 20. Rd1 Rfd8 21. g5 h5 22.
Nb3 Qa7 23. dxc6 Bxc6 24. Nd5 Ba4 25. Rh3 b6 26. Nc3 Rd7 27. Rhd3 Rad8 28. Bf1
Nb7 29. Rxd7 Rxd7 30. Rxd7 Bxd7 31. Qd3 Na5 32. Nxa5 bxa5 33. Kd2 Qc7 34. Nd5
Qd8 35. Qe3 Qf8 36. Kc1 Bc6 37. Bg2 Qd6 38. Bh3 Bxd5 39. cxd5 Bf8 40. Qc3 Qb6
41. Qc4 Bd6 42. Kc2 Kf8 43. Bf1 f6 44. gxf6 Qd8 45. Qd3 Qxf6 46. Qg3 Kg7 47.
Kc3 Be7 48. f3 Kf7 49. Kb3 Bd8 50. Ka4 Qd6 51. Bb5 Qe7 52. b3 Qd6 53. Qh3 Kf8
54. Qd7 1-0

[Event "3MCR_4D_2LB_2S"]
[Site "?"]
[Date "1999.??.??"]
[Round "2"]
[White "Krcmar, Jiri"]
[Black "Kus, Pavel"]
[Result "1/2-1/2"]
[WhiteElo "2240"]
[BlackElo "2140"]
[PlyCount "26"]
[EventDate "1999.??.??"]
[EventType "corr"]

1. e4 c5 2. Nf3 d6 3. d4 cxd4 4. Nxd4 Nf6 5. Nc3 Nc6 6. Nd5 Nxd5 7. exd5 Qa5+
8. Bd2 Qxd5 9. Nb5 Qe6+ 10. Be2 Qd7 11. O-O a6 12. Nc3 e6 13. Na4 Qc7 1/2-1/2

[Event "3MCR_4D_2LB_2S"]
[Site "?"]
[Date "1999.??.??"]
[Round "2"]
[White "Kus, Pavel"]
[Black "Husak, Antonin"]
[Result "1/2-1/2"]
[WhiteElo "2140"]
[BlackElo "1955"]
[PlyCount "21"]
[EventDate "1999.??.??"]
[EventType "corr"]

1. Nf3 c5 2. e4 Nc6 3. d4 cxd4 4. Nxd4 Nf6 5. Nc3 e5 6. Ndb5 d6 7. Bg5 a6 8.
Na3 b5 9. Bxf6 gxf6 10. Nd5 f5 11. Bd3 1/2-1/2

[Event "3MCR_4D_2LB_2S"]
[Site "?"]
[Date "1999.??.??"]
[Round "2"]
[White "Veselsky, Michal"]
[Black "Kus, Pavel"]
[Result "1/2-1/2"]
[WhiteElo "1600"]
[BlackElo "2140"]
[PlyCount "29"]
[EventDate "1999.??.??"]
[EventType "corr"]

1. e4 c5 2. f4 Nc6 3. Nf3 e6 4. Bb5 Nge7 5. O-O a6 6. Bxc6 Nxc6 7. d3 d5 8. c4
dxe4 9. dxe4 Be7 10. Qxd8+ Bxd8 11. Be3 b6 12. Nc3 Bb7 13. Rfd1 Bc7 14. Kf2 f6
15. g3 1/2-1/2

[Event "3MCR_4D_2LB_2S"]
[Site "?"]
[Date "1999.??.??"]
[Round "2"]
[White "Kus, Pavel"]
[Black "Svarc, Roman"]
[Result "1/2-1/2"]
[WhiteElo "2140"]
[BlackElo "2050"]
[PlyCount "25"]
[EventDate "1999.??.??"]
[EventType "corr"]

1. d4 Nf6 2. c4 g6 3. Nc3 Bg7 4. e4 d6 5. Be2 O-O 6. Nf3 e5 7. O-O Nc6 8. d5
Ne7 9. Nd2 a5 10. a3 Nd7 11. Rb1 f5 12. b4 Kh8 13. Qc2 1/2-1/2

[Event "3MCR_4D_2LB_2S"]
[Site "?"]
[Date "1999.??.??"]
[Round "2"]
[White "Krcmar, Jiri"]
[Black "Husak, Antonin"]
[Result "1/2-1/2"]
[WhiteElo "2240"]
[BlackElo "1955"]
[PlyCount "42"]
[EventDate "1999.??.??"]
[EventType "corr"]

1. e4 c5 2. Nf3 Nc6 3. d4 cxd4 4. Nxd4 Nf6 5. Nc3 e5 6. Ndb5 d6 7. Nd5 Nxd5 8.
exd5 Ne7 9. c4 Nf5 10. Bd3 Be7 11. O-O O-O 12. b3 Nh4 13. Be3 a6 14. Nc3 f5 15.
f3 Bg5 16. f4 exf4 17. Bxf4 Bxf4 18. Rxf4 Nxg2 19. Kxg2 Qg5+ 20. Kf3 Qh5+ 21.
Kg2 Qg5+ 1/2-1/2

[Event "3MCR_4D_2LB_2S"]
[Site "?"]
[Date "1999.??.??"]
[Round "2"]
[White "Zelinka, Jiri"]
[Black "Krcmar, Jiri"]
[Result "1/2-1/2"]
[WhiteElo "2000"]
[BlackElo "2240"]
[PlyCount "31"]
[EventDate "1999.??.??"]
[EventType "corr"]

1. d4 d5 2. c4 e6 3. Nc3 Nf6 4. cxd5 exd5 5. Bg5 c6 6. e3 Be7 7. Qc2 h6 8. Bh4
O-O 9. Bd3 Re8 10. Nf3 Nbd7 11. O-O Nf8 12. Rfe1 Bg4 13. Ne5 Bc8 14. Nf3 Bg4
15. Ne5 Bc8 16. Nf3 1/2-1/2

[Event "3MCR_4D_2LB_2S"]
[Site "?"]
[Date "1999.??.??"]
[Round "2"]
[White "Humpolak, Jiri"]
[Black "Necesany, Zdenek"]
[Result "0-1"]
[WhiteElo "1815"]
[BlackElo "2260"]
[PlyCount "28"]
[EventDate "1999.??.??"]
[EventType "corr"]

1. e4 e5 2. Nf3 Nc6 3. Bc4 Bc5 4. c3 Nf6 5. d3 d6 6. h3 Bb6 7. b4 O-O 8. Qb3
Bd7 9. Bg5 h6 10. Be3 Qe7 11. O-O Nd8 12. Nh4 Kh7 13. Nf3 Bxe3 14. fxe3 b5 0-1

[Event "3MCR_4D_2LB_2S"]
[Site "?"]
[Date "1999.??.??"]
[Round "2"]
[White "Husak, Antonin"]
[Black "Postupa, Pavel"]
[Result "0-1"]
[WhiteElo "1955"]
[BlackElo "1910"]
[PlyCount "32"]
[EventDate "1999.??.??"]
[EventType "corr"]

1. e4 e6 2. d4 d5 3. e5 c5 4. c3 Nc6 5. Nf3 Bd7 6. Bd3 cxd4 7. cxd4 Qb6 8. O-O
Nxd4 9. Nxd4 Qxd4 10. Nc3 a6 11. Qe2 Ne7 12. Rd1 Nc6 13. Bxa6 Qxe5 14. Bxb7
Qxe2 15. Nxe2 Rb8 16. a4 Rxb7 0-1

[Event "3MCR_4D_2LB_2S"]
[Site "?"]
[Date "1999.??.??"]
[Round "2"]
[White "Kus, Pavel"]
[Black "Rachunek, Milan"]
[Result "0-1"]
[WhiteElo "2140"]
[BlackElo "2165"]
[PlyCount "28"]
[EventDate "1999.??.??"]
[EventType "corr"]

1. d4 Nf6 2. c4 g6 3. Nc3 Bg7 4. e4 d6 5. Nf3 O-O 6. Be2 e5 7. O-O Nc6 8. Nd2
exd4 9. Nb5 a6 10. Na3 Ne5 11. Qc2 c5 12. Rd1 Nc6 13. f3 Nb4 14. Qb1 Nh5 0-1

[Event "3MCR_4D_2LB_2S"]
[Site "?"]
[Date "1999.??.??"]
[Round "2"]
[White "Humpolak, Jiri"]
[Black "Svarc, Roman"]
[Result "0-1"]
[WhiteElo "1815"]
[BlackElo "2050"]
[PlyCount "30"]
[EventDate "1999.??.??"]
[EventType "corr"]

1. e4 c5 2. Nf3 Nc6 3. d4 cxd4 4. Nxd4 Nf6 5. Nc3 e5 6. Ndb5 d6 7. Bg5 a6 8.
Bxf6 gxf6 9. Na3 f5 10. Bd3 Rg8 11. exf5 d5 12. Qh5 Bxa3 13. O-O-O Bb4 14. Ne2
Qg5+ 15. Qxg5 Rxg5 0-1

[Event "3MCR_4D_2LB_2S"]
[Site "?"]
[Date "1999.??.??"]
[Round "2"]
[White "Husak, Antonin"]
[Black "Canibal, Jaromir"]
[Result "1/2-1/2"]
[WhiteElo "1955"]
[BlackElo "2005"]
[PlyCount "50"]
[EventDate "1999.??.??"]
[EventType "corr"]

1. e4 e5 2. Nf3 Nf6 3. Nxe5 d6 4. Nf3 Nxe4 5. d4 d5 6. Bd3 Nc6 7. O-O Be7 8.
Re1 Bg4 9. c4 Nf6 10. cxd5 Nxd5 11. Nc3 O-O 12. h3 Be6 13. a3 Bf6 14. Ne4 h6
15. Bc2 Bf5 16. Bb3 Nb6 17. Bf4 Bxd4 18. Qd2 Be6 19. Bxe6 fxe6 20. Rad1 Rf5 21.
Nxd4 Nxd4 22. Be3 e5 23. Ng3 Rf7 24. Bxd4 exd4 25. Qxd4 Qxd4 1/2-1/2

[Event "3MCR_4D_2LB_2S"]
[Site "?"]
[Date "1999.??.??"]
[Round "2"]
[White "Cakl, Zdenek"]
[Black "Krcmar, Jiri"]
[Result "1-0"]
[WhiteElo "2000"]
[BlackElo "2240"]
[PlyCount "65"]
[EventDate "1999.??.??"]
[EventType "corr"]

1. Nf3 d5 2. b3 Bg4 3. e3 c6 4. Be2 Nd7 5. Bb2 e6 6. O-O Ngf6 7. c4 Bd6 8. d4
Bxf3 9. Bxf3 O-O 10. Nd2 Rc8 11. Be2 Qc7 12. c5 Bxh2+ 13. Kh1 Qb8 14. g4 Bc7
15. f4 Ba5 16. g5 Ne8 17. Nf3 b6 18. Rc1 bxc5 19. dxc5 Bb4 20. Qd4 a5 21. Ne5
Nxe5 22. fxe5 a4 23. a3 Ba5 24. b4 Bd8 25. Qf4 Qc7 26. Rf2 g6 27. Rg1 Ng7 28.
Qh2 Nf5 29. Qh3 Kg7 30. Bd3 Rg8 31. Bxf5 gxf5 32. Rh2 Qe7 33. Qh6+ 1-0

[Event "3MCR_4D_2LB_2S"]
[Site "?"]
[Date "1999.??.??"]
[Round "2"]
[White "Novotny, Petr"]
[Black "Krcmar, Jiri"]
[Result "1-0"]
[WhiteElo "2150"]
[BlackElo "2240"]
[PlyCount "49"]
[EventDate "1999.??.??"]
[EventType "corr"]

1. e4 e5 2. Nf3 Nc6 3. Bb5 Nf6 4. O-O Bc5 5. c3 O-O 6. d4 Bb6 7. Bg5 h6 8. Bh4
d6 9. a4 a5 10. Re1 Qe7 11. Na3 exd4 12. Bxc6 bxc6 13. Nxd4 g5 14. Bg3 c5 15.
Ndb5 Bg4 16. Qd3 Nd7 17. Nc2 Ne5 18. Bxe5 Qxe5 19. Ne3 Be6 20. Nd5 Bxd5 21.
exd5 Qf6 22. Qd2 Rfe8 23. Na3 Rxe1+ 24. Rxe1 Re8 25. Rxe8+ 1-0

[Event "3MCR_4D_2LB_2S"]
[Site "?"]
[Date "1999.??.??"]
[Round "2"]
[White "Necesany, Zdenek"]
[Black "Canibal, Jaromir"]
[Result "1/2-1/2"]
[WhiteElo "2260"]
[BlackElo "2005"]
[PlyCount "45"]
[EventDate "1999.??.??"]
[EventType "corr"]

1. Nf3 Nf6 2. c4 g6 3. b3 Bg7 4. Bb2 O-O 5. e3 c5 6. Be2 Nc6 7. O-O d5 8. cxd5
Qxd5 9. d4 cxd4 10. Nxd4 Nxd4 11. Bxd4 Rd8 12. Na3 Qg5 13. f4 Qh4 14. Qe1 Qxe1
15. Rfxe1 Ne4 16. Nb5 Bd7 17. Rac1 a6 18. Bxg7 axb5 19. Bd4 Rxa2 20. Rc7 Rc8
21. Rxc8+ Bxc8 22. Bxb5 Be6 23. Bd3 1/2-1/2

[Event "3MCR_4D_2LB_2S"]
[Site "?"]
[Date "1999.??.??"]
[Round "2"]
[White "Necesany, Zdenek"]
[Black "Zelinka, Jiri"]
[Result "1/2-1/2"]
[WhiteElo "2260"]
[BlackElo "2000"]
[PlyCount "40"]
[EventDate "1999.??.??"]
[EventType "corr"]

1. Nf3 Nf6 2. c4 c6 3. b3 d5 4. g3 Bg4 5. Bg2 e6 6. Bb2 Nbd7 7. O-O Bd6 8. d3
O-O 9. Nbd2 Re8 10. h3 Bh5 11. Qc2 e5 12. e4 Rc8 13. Rac1 b5 14. Rfe1 bxc4 15.
dxc4 d4 16. a3 a5 17. Nh4 Rb8 18. Nf5 Nc5 19. Nxd6 Qxd6 20. Rb1 Be2 1/2-1/2

[Event "3MCR_4D_2LB_2S"]
[Site "?"]
[Date "1999.??.??"]
[Round "2"]
[White "Veselsky, Michal"]
[Black "Zelinka, Jiri"]
[Result "1-0"]
[WhiteElo "1600"]
[BlackElo "2000"]
[PlyCount "37"]
[EventDate "1999.??.??"]
[EventType "corr"]

1. e4 c5 2. f4 Nc6 3. Nf3 g6 4. Bb5 Bg7 5. Bxc6 bxc6 6. d3 Rb8 7. Nc3 d6 8. O-O
Nh6 9. Qe1 O-O 10. Qh4 Ng4 11. h3 Nf6 12. f5 gxf5 13. Bh6 Bxh6 14. Qxh6 Rxb2
15. Ng5 Rb7 16. Rf4 e5 17. Rh4 Re8 18. Rf1 f4 19. g3 1-0

[Event "3MCR_4D_2LB_2S"]
[Site "?"]
[Date "1999.??.??"]
[Round "2"]
[White "Novotny, Petr"]
[Black "Zelinka, Jiri"]
[Result "1-0"]
[WhiteElo "2150"]
[BlackElo "2000"]
[PlyCount "47"]
[EventDate "1999.??.??"]
[EventType "corr"]

1. e4 c5 2. Nf3 d6 3. Bb5+ Bd7 4. Bxd7+ Qxd7 5. O-O Nc6 6. c3 Nf6 7. d4 cxd4 8.
cxd4 Nxe4 9. d5 Nd8 10. Re1 Nf6 11. Bg5 e5 12. Bxf6 gxf6 13. Nc3 Rc8 14. Nh4
Rg8 15. Ne4 Be7 16. Qh5 Qh3 17. Ng3 Qg4 18. Qxh7 Rg7 19. Qh6 Qg5 20. Qxg5 Rxg5
21. Rac1 Rxc1 22. Rxc1 Kd7 23. Nhf5 Rg4 24. h4 1-0

[Event "3MCR_4D_2LB_2S"]
[Site "?"]
[Date "1999.??.??"]
[Round "2"]
[White "Humpolak, Jiri"]
[Black "Canibal, Jaromir"]
[Result "0-1"]
[WhiteElo "1815"]
[BlackElo "2005"]
[PlyCount "42"]
[EventDate "1999.??.??"]
[EventType "corr"]

1. e4 e5 2. Nf3 Nf6 3. Nxe5 d6 4. Nf3 Nxe4 5. d4 d5 6. Bd3 Nc6 7. h3 Bd6 8. O-O
O-O 9. Nbd2 Bf5 10. Re1 Re8 11. Nf1 Nb4 12. Bxe4 Bxe4 13. Ne3 Bxf3 14. Qxf3
Rxe3 15. fxe3 Nxc2 16. Rf1 Nxa1 17. Qxf7+ Kh8 18. Qf5 Qf6 19. Qb1 Bh2+ 20. Kxh2
Qxf1 21. Qxa1 Rf8 0-1

[Event "3MCR_4D_2LB_2S"]
[Site "?"]
[Date "1999.??.??"]
[Round "2"]
[White "Necesany, Zdenek"]
[Black "Svarc, Roman"]
[Result "1/2-1/2"]
[WhiteElo "2260"]
[BlackElo "2050"]
[PlyCount "42"]
[EventDate "1999.??.??"]
[EventType "corr"]

1. c4 e5 2. Nc3 Nf6 3. Nf3 Nc6 4. d3 Bb4 5. Bd2 O-O 6. e3 Re8 7. a3 Bxc3 8.
Bxc3 d5 9. cxd5 Nxd5 10. Be2 Nxc3 11. bxc3 e4 12. dxe4 Qxd1+ 13. Rxd1 Rxe4 14.
Nd4 Nd8 15. O-O Bd7 16. Rd2 g6 17. Rb1 Rb8 18. Bf3 Re5 19. h3 Kf8 20. c4 Ke7
21. h4 Ra5 1/2-1/2

[Event "3MCR_4D_2LB_2S"]
[Site "?"]
[Date "1999.??.??"]
[Round "2"]
[White "Postupa, Pavel"]
[Black "Zelinka, Jiri"]
[Result "1-0"]
[WhiteElo "1910"]
[BlackElo "2000"]
[PlyCount "35"]
[EventDate "1999.??.??"]
[EventType "corr"]

1. e4 c5 2. f4 Nc6 3. Nf3 g6 4. Bb5 Bg7 5. Bxc6 bxc6 6. d3 Rb8 7. Nc3 d6 8. O-O
Nh6 9. Qe1 O-O 10. b3 Ng4 11. Bb2 Ba6 12. Na4 Bxb2 13. Nxb2 Re8 14. h3 Nf6 15.
Qh4 Qa5 16. Nd1 Qb6 17. c4 Nh5 18. g4 1-0

[Event "3MCR_4D_2LB_2S"]
[Site "?"]
[Date "1999.??.??"]
[Round "2"]
[White "Necesany, Zdenek"]
[Black "Novotny, Petr"]
[Result "0-1"]
[WhiteElo "2260"]
[BlackElo "2150"]
[PlyCount "48"]
[EventDate "1999.??.??"]
[EventType "corr"]

1. c4 c5 2. Nf3 Nf6 3. d4 cxd4 4. Nxd4 e6 5. Nc3 Nc6 6. g3 Qb6 7. Nb3 Ne5 8. e4
Bb4 9. Qe2 d6 10. f4 Nc6 11. Bd2 O-O 12. Bg2 e5 13. f5 Bd7 14. Na4 Qa6 15. Bxb4
Nxb4 16. Nc3 Qb6 17. g4 Rfc8 18. g5 Ne8 19. Nd5 Nxd5 20. cxd5 Ba4 21. Qd3 Rc7
22. Bf3 Rac8 23. Bd1 Rc4 24. g6 Bb5 0-1

[Event "3MCR_4D_2LB_2S"]
[Site "?"]
[Date "1999.??.??"]
[Round "2"]
[White "Novotny, Petr"]
[Black "Kus, Pavel"]
[Result "1/2-1/2"]
[WhiteElo "2150"]
[BlackElo "2140"]
[PlyCount "45"]
[EventDate "1999.??.??"]
[EventType "corr"]

1. e4 c5 2. Nf3 d6 3. d4 cxd4 4. Nxd4 Nf6 5. Nc3 Nc6 6. Bg5 e6 7. Qd2 a6 8.
O-O-O h6 9. Be3 Be7 10. f4 Nxd4 11. Bxd4 b5 12. Bd3 b4 13. Na4 Rb8 14. Qf2 O-O
15. Nb6 Bb7 16. e5 dxe5 17. fxe5 Nd5 18. Kb1 Qc7 19. Nxd5 Bxd5 20. Rhf1 a5 21.
Qg3 Bc4 22. Be3 Bxd3 23. cxd3 1/2-1/2

[Event "3MCR_4D_2LB_2S"]
[Site "?"]
[Date "1999.??.??"]
[Round "2"]
[White "Svarc, Roman"]
[Black "Novotny, Petr"]
[Result "1/2-1/2"]
[WhiteElo "2050"]
[BlackElo "2150"]
[PlyCount "43"]
[EventDate "1999.??.??"]
[EventType "corr"]

1. c4 c5 2. Nf3 Nf6 3. Nc3 d5 4. cxd5 Nxd5 5. e4 Nxc3 6. dxc3 Qxd1+ 7. Kxd1 Bg4
8. Kc2 Nd7 9. Be3 Bxf3 10. gxf3 a6 11. Rd1 e6 12. Rg1 g6 13. f4 O-O-O 14. f5
exf5 15. exf5 Ne5 16. Bh3 Rxd1 17. Rxd1 Kc7 18. Rd5 f6 19. f4 Nc6 20. Bxc5 Bxc5
21. Rxc5 Re8 22. fxg6 1/2-1/2